It looks like you're offline.
Open Library logo
additional options menu

MARC record from Internet Archive

LEADER: 01423cam a22003734a 4500
001 2003056214
003 DLC
005 20090709180228.0
008 030620s2004 nyu b 001 0 eng
010 $a 2003056214
020 $a0805070044
040 $aDLC$cDLC$dDLC
042 $apcc
043 $an-us---
050 00 $aUA23$b.J5697 2004
082 00 $a355.02/13/0973$222
100 1 $aJohnson, Chalmers A.
245 14 $aThe sorrows of empire :$bmilitarism, secrecy, and the end of the Republic /$cChalmers Johnson.
250 $a1st ed.
260 $aNew York :$bMetropolitan Books,$c2004.
300 $a389 p. ;$c25 cm.
504 $aIncludes bibliographical references and index.
650 0 $aMilitarism$zUnited States.
650 0 $aMilitary-industrial complex$zUnited States.
651 0 $aUnited States$xMilitary policy.
651 0 $aUnited States$xForeign relations$y2001-
651 0 $aUnited States$xPolitics and government$y2001-2009.
650 0 $aCivil-military relations$zUnited States.
650 0 $aImperialism.
650 0 $aIntervention (International law)
650 0 $aOfficial secrets$zUnited States.
856 42 $3Contributor biographical information$uhttp://www.loc.gov/catdir/bios/hol054/2003056214.html
856 41 $3Sample text$uhttp://www.loc.gov/catdir/samples/hol041/2003056214.html
856 42 $3Publisher description$uhttp://www.loc.gov/catdir/description/hol041/2003056214.html